Курс физики: учебное пособие

Opis bibliograficzny
1. autor: Трофимова Т. И. Таисия Ивановна
Język:rosyjski
Wydane: Москва, Высшая школа, 1999
Wydanie:6-е изд., стер.
Hasła przedmiotowe:
Format: MixedMaterials Książka
KOHA link:https://koha.lib.tpu.ru/cgi-bin/koha/opac-detail.pl?biblionumber=12050

MARC

LEADER 00000nam0a2200000 4500
001 12050
005 20231101204816.0
010 |a 5060036340 
035 |a (RuTPU)RU\TPU\book\12125 
035 |a BOOK00012191 
090 |a 12050 
100 |a 20011209d1999 m y0rusy50 ca 
101 0 |a rus 
102 |a RU 
105 |a a j 000zy 
200 1 |a Курс физики  |e учебное пособие  |f Т. И. Трофимова 
205 |a 6-е изд., стер. 
210 |a Москва  |c Высшая школа  |d 1999 
215 |a 542 с.  |c ил. 
451 1 |0 (RuTPU)RU\TPU\book\15227  |y 5-06-003634-0  |t Курс физики  |o учебное пособие  |f Т. И. Трофимова  |e 6-е изд., стер.  |c М.  |n Высшая школа  |d 2000  |p 542 с.  |a Трофимова, Таисия Ивановна 
451 1 |0 (RuTPU)RU\TPU\book\10204  |y 5-06-003520-4  |t Курс физики  |o учебное пособие  |f Т. И. Трофимова  |e 5-е изд., стер.  |c М.  |n Высшая школа  |d 1998  |p 542 с.  |a Трофимова, Таисия Ивановна 
606 1 |a Физика  |2 stltpush  |3 (RuTPU)RU\TPU\subj\63709  |9 80688 
610 1 |a учебные пособия 
675 |a 53(075.8)  |v 3 
700 1 |a Трофимова  |b Т. И.  |g Таисия Ивановна 
801 0 |a RU  |b 63413507  |c 20011209  |g PSBO 
801 2 |a RU  |b 63413507  |c 20201016  |g PSBO 
900 |a Физика 
942 |c BK